Distant stars /

Bibliographic Details
Main Author: Delany, Samuel R.
Format: Book
Language:English
Published: Toronto ; New York : Bantam Books, 1981.
Subjects:

MARC

Tag First Indicator Second Indicator Subfields
LEADER 00000cam a22000008a 4500
001 in00000077755
005 20151008053835.0
008 810518s1981 nyua 00011 eng
010 |a  81043095  
020 |a 055301336X (pbk.) 
035 |a (OCoLC)07554675 
035 |9 AAH8818AM 
039 0 |a 2  |b 3  |c 3  |d 3  |e 3 
040 |a DLC  |c DLC  |d TXA  |d UtOrBLW 
049 |a TXAM [Also in] [Sp Coll]  |c 1 [1406718], 2 [271605]  |a TXAS  |c 3 [1702285] 
050 0 0 |a PS3554.E437  |b D5 
082 0 |a 813/.54  |2 19 
100 1 |a Delany, Samuel R. 
245 1 0 |a Distant stars /  |c Samuel R. Delany ; illustrated by Jeanette Adams [and others]. 
263 |a 8108 
264 1 |a Toronto ;  |a New York :  |b Bantam Books,  |c 1981. 
300 |a 352 pages :  |b illustrations ;  |c 23 cm. 
336 |a text  |b txt  |2 rdacontent 
337 |a unmediated  |b n  |2 rdamedia 
338 |a volume  |b nc  |2 rdacarrier 
500 |a "Cover painting by Michael Whelan"--title page verso. 
500 |a "A Bantam book." 
505 0 |a Of doubts and dreams : an introduction / by Samuel R. Delany -- Prismatica / illustrated by John Pierard -- Corona / illustrated by John Collier -- Empire star / illustrated by John Jude Palencar -- Time considered as a helix of semi-precious stones / illustrated by Jeanette Adams -- Omegahelm / illustrated by John Coffey -- Ruins / illustrated by John Pound -- We, in some strange power's employ, move on a rigorous line / illustrated by Michael Sorkin. 
650 0 |a Science fiction, American. 
999 |a MARS 
999 f f |s a8ee5365-933a-3934-a840-4aabc4773282  |i d30e9a2a-b9f3-33d5-811d-005b6aeb1541  |t 0 
952 f f |p normal  |a Texas A&M University  |b College Station  |c Sterling C. Evans Library  |s Evans stk  |d Evans: Library Stacks  |t 0  |e PS3554.E437 D5  |h Library of Congress classification  |i unmediated -- volume  |m A14806192098 
998 f f |a PS3554.E437 D5  |t 0  |l Evans: Library Stacks